Štúdium a štúdia

Bibliographic Details
Main Author: Liptáková, Ľudmila, 1963- (Author)
Format: Article
Language:Slovak
ISBN:808068491X
Subjects:

MARC

LEADER 00000naa a2200000 ar4500
001 vtls009086618
003 SK-MaSNL
005 20260302140425.0
008 070813c2006 xo |||| ||| 000 b|slo
015 |a SNBRA2007/08  |2 snkbucl 
038 |a SNKBUCL 
040 |a SNKBUCL  |b slo  |c SNKBUCL  |e AACR2 
041 0 |a slo 
044 |a xo  |c SK 
080 |a 811.162.4`37  |2 2001 
080 |a 81`37:811.162.4  |2 2001 
080 |a 811.162.4`367.622  |2 2001 
080 |a 81`367.622:81`37  |2 2001 
100 1 |a Liptáková, Ľudmila,  |d 1963-  |4 aut 
245 1 0 |a Štúdium a štúdia  |c Ľudmila Liptáková 
500 |a Pod spoločným názvom Z jazykových okienok Rádia Regina Košice 
650 0 7 |a slovenčina  |2 snkbucl  |9 1350 
650 0 7 |a slovné druhy  |2 snkbucl  |9 1321 
650 0 7 |a prídavné mená  |2 snkbucl  |9 1324 
650 0 7 |a podstatné mená  |2 snkbucl  |9 1323 
773 0 |t Slovo o slove : zborník Katedry komunikačnej a literárnej výchovy Pedagogickej fakulty Prešovskej univerzity. Ročník 12  |d Prešov : Prešovská univerzita, 2006  |g S. 295-296  |z 808068491X 
852 |a SNK  |b KIS3GCP 
958 |a SK 
999 |c 1330713  |d 1332643